| 000 | 00591nam a22002057a 4500 | ||
|---|---|---|---|
| 003 | DO-SdBJH | ||
| 005 | 20241018143756.0 | ||
| 008 | 241018b |||||||| |||| 00| 0 spa d | ||
| 020 | _a970-17-0388-x | ||
| 040 |
_aDO-SdBJH _bspa _cDO-SdBJH |
||
| 082 |
_2AFA 658 _aR636a _b2000 |
||
| 100 | _aRobbins, Stephen P.; Coulter Mary | ||
| 245 |
_aAdministracion _cStephen P. Robbins; Mary Coulter |
||
| 250 | _a6ta. edicion | ||
| 260 |
_aMexico : _bPearson Educacion, _c2000 |
||
| 300 | _a645 Paginas, fotos | ||
| 440 | _aposee indice, glosario | ||
| 500 | _a1. administracion | ||
| 942 |
_2ddc _cBK |
||
| 999 |
_c7942 _d7942 |
||